Show them no mercy : (Record no. 9588)

MARC details
000 -LEADER
fixed length control field 01885cam a22003734a 4500
001 - CONTROL NUMBER
control field 12968624
003 - CONTROL NUMBER IDENTIFIER
control field GBCCL
005 - DATE AND TIME OF LATEST TRANSACTION
control field 20241126110715.0
008 - FIXED-LENGTH DATA ELEMENTS--GENERAL INFORMATION
fixed length control field 021015s2003 miu b 001 0 eng
010 ## -
-- 2002151808
020 ## - INTERNATIONAL STANDARD BOOK NUMBER
International Standard Book Number 0310245680
020 ## - INTERNATIONAL STANDARD BOOK NUMBER
Canceled/invalid ISBN 9780310873761 (epub)
040 ## - CATALOGING SOURCE
Original cataloging agency DLC
Transcribing agency DLC
Modifying agency DLC
042 ## -
-- pcc
043 ## -
-- a-is---
050 00 -
-- BS680.W2
-- S48 2003
082 00 - DEWEY DECIMAL CLASSIFICATION NUMBER
Classification number 230.0411
Edition information 21
Item number SHO
245 00 - TITLE STATEMENT
Title Show them no mercy :
Remainder of title four views on God and Canaanite genocide /
Statement of responsibility, etc. C.S. Cowles ... [et al.].
260 ## - PUBLICATION, DISTRIBUTION, ETC.
Place of publication, distribution, etc. Grand Rapids, Mich. :
Name of publisher, distributor, etc. Zondervan,
Date of publication, distribution, etc. c2003.
300 ## - PHYSICAL DESCRIPTION
Extent 218 p. ;
Dimensions 21 cm.
490 1# - SERIES STATEMENT
Series statement Counterpoints
504 ## - BIBLIOGRAPHY, ETC. NOTE
Bibliography, etc. note Includes bibliographical references and indexes.
505 0# - FORMATTED CONTENTS NOTE
Formatted contents note The case for radical discontinuity / C.S. Cowles. Responses / Eugene H. Merrill, Daniel L. Gard, Tremper Longman III -- The case for moderate discontinuity / Eugene H. Merrill. Responses / C.S. Cowles, Daniel L. Gard, Tremper Longman III -- The case for eschatological continuity / Daniel L. Gard. Responses / C.S. Cowles, Eugene H. Merrill, Tremper Longman III -- The case for spiritual continuity / Tremper Longman III. Responses / C.S. Cowles, Eugene H. Merrill, Daniel L. Gard.
650 #0 - SUBJECT ADDED ENTRY--TOPICAL TERM
Topical term or geographic name entry element War
General subdivision Biblical teaching.
9 (RLIN) 16657
650 #0 - SUBJECT ADDED ENTRY--TOPICAL TERM
Topical term or geographic name entry element Genocide
General subdivision Biblical teaching.
9 (RLIN) 16658
650 #0 - SUBJECT ADDED ENTRY--TOPICAL TERM
Topical term or geographic name entry element Canaanites
General subdivision Biblical teaching.
9 (RLIN) 16659
700 1# - ADDED ENTRY--PERSONAL NAME
Personal name Cowles, C. S.
9 (RLIN) 16660
830 #0 -
-- Counterpoints (Grand Rapids, Mich.)
-- 1396
856 42 - ELECTRONIC LOCATION AND ACCESS
Materials specified Publisher description
Uniform Resource Identifier <a href="http://www.loc.gov/catdir/enhancements/fy0633/2002151808-d.html">http://www.loc.gov/catdir/enhancements/fy0633/2002151808-d.html</a>
856 41 - ELECTRONIC LOCATION AND ACCESS
Materials specified Table of contents only
Uniform Resource Identifier <a href="http://www.loc.gov/catdir/enhancements/fy1012/2002151808-t.html">http://www.loc.gov/catdir/enhancements/fy1012/2002151808-t.html</a>
906 ## - LOCAL DATA ELEMENT F, LDF (RLIN)
a 7
b cbc
c orignew
d 1
e ecip
f 20
g y-gencatlg
942 ## - ADDED ENTRY ELEMENTS (KOHA)
Source of classification or shelving scheme Dewey Decimal Classification
Koha item type Books
Koha issues (borrowed), all copies 1
Holdings
Withdrawn status Lost status Source of classification or shelving scheme Damaged status Not for loan Home library Current Library Shelving location Date acquired Total checkouts Full call number Barcode Date last seen Date last checked out Copy number Price effective from Koha item type
    Dewey Decimal Classification     GRACE BIBLE COLLEGE GRACE BIBLE COLLEGE Theology 2023-03-21 1 230.0411 SHO 016061 2025-05-01 2023-09-07 c.1 2023-03-21 Books
© Grace Bible College Library 2025